000 00740cam a2200169 4500
001 WS118249
008 020530n 000 0 eng u
035 _a(Sirsi) u118249
245 _aBusiness Development Service
520 _aSite for this executive agency of the Department of Finance and Personnel Northern Ireland which aims to provide 'quality business support and improvement services to the pubic sector in Northern Ireland'. Includes details of the consultancy services offered.
650 _aGOVERNMENT
650 _aNORTHERN IRELAND
650 _aBUSINESS ADVICE
690 _aMANAGEMENT-BUSINESS MANAGEMENT
856 4 0 _uhttps://www.nics.gov.uk/bds
_zView the website free of charge at www.nics.gov.uk/bds...
942 _n0
999 _c120053
_d120053